| 000 | 01123cam a2200301 a 4500 | ||
|---|---|---|---|
| 001 | 4833191 | ||
| 005 | 20240826122226.0 | ||
| 008 | 900810s1991 sz a b 101 0 eng c | ||
| 020 | _a0881677418 | ||
| 050 | 0 | 0 |
_aRJ399.T7 _bTRA 1991 |
| 082 | 0 | 0 |
_a618.92/39 _220 |
| 245 | 0 | 0 |
_aTrace elements in nutrition of children, II / _ceditor, Ranjit Kumar Chandra. |
| 260 |
_aNew York : _bRaven Press, _cc1991. |
||
| 300 |
_axv, 232 p. : _bill. ; _c25 cm. |
||
| 440 | 0 |
_aNestlé Nutrition workshop series ; _vv. 23 |
|
| 500 | _aProceedings of the 23rd Nestle Nutrition workshop held in Marrakech, Morocco, May 24-27, 1989. | ||
| 500 | _a"Nestlé Nutrition." | ||
| 650 | 0 |
_aTrace element deficiency diseases in children _xCongresses. |
|
| 650 | 0 |
_aTrace elements in nutrition _xCongresses. |
|
| 650 | 0 |
_aInfants _xNutrition _xCongresses. |
|
| 650 | 0 |
_aChildren _xNutrition _xCongresses. |
|
| 650 | 0 |
_aTrace elements _xToxicology _xCongresses. |
|
| 650 | 2 |
_aChild Nutrition _xcongresses. |
|
| 650 | 2 |
_aInfant Nutrition _xcongresses. |
|
| 650 | 2 |
_aTrace Elements _xcongresses. |
|
| 700 | 1 | _aChandra, Ranjit Kumar. | |
| 942 |
_2lcc _cBK _n0 |
||
| 999 |
_c17 _d17 |
||